[Event "Nowy Sacz-ch"]
[Site "Nowy Sacz"]
[Date "2000.12.03"]
[Round "8"]
[White "Olesiak, Marcin"]
[Black "Hajtek, Jakub"]
[Result "0-1"]
[WhiteElo "1400"]
[BlackElo "1600"]
[PlyCount "64"]
[EventDate "2000.11.25"]
[EventType "swiss"]
[EventRounds "9"]
[EventCountry "POL"]
[SourceTitle "EXT 2005"]
[Source "ChessBase"]
[SourceDate "2004.11.15"]
[SourceVersion "1"]
[SourceVersionDate "2004.11.15"]
[SourceQuality "1"]

1. g3 d5 2. Bg2 c6 3. Nf3 Bf5 4. d4 Nf6 5. Bf4 e6 6. c3 Qb6 7. Qb3 Nbd7 8. Qxb6 Nxb6 9. b3 Be7 10. Nbd2 0-0 11. Ne5 Nfd7 12. Ndf3 Ba3 13. 0-0 Bb2 14. Rad1 Bxc3 15. h4 Nxe5 16. Nxe5 f6 17. Nd3 Bxd4 18. Nb4 e5 19. Bc1 a5 20. Nd3 Bxd3 21. Rxd3 a4 22. e3 Bc5 23. e4 d4 24. Bd2 axb3 25. axb3 Nd7 26. b4 Be7 27. Be1 b5 28. Bh3 Nb6 29. Be6+ Kh8 30. Rd1 Nc4 31. Bxc4 bxc4 32. Rc1 c3 0-1